Les chansons évoquant les régions de France - Statistiques

Statistiques générales
  • Ce quiz a été pris 77 fois
  • Le résultat moyen est 23 sur 58
Statistiques - réponses
Indice Titre à compléter % Correct
A Sur le pont d'{Avignon}
93%
P Ca balance pas mal à {Paris}
92%
P {Paris} en colère
92%
P Sous les ponts de {Paris}
92%
N Les gens du {Nord}
90%
C Le tango {corse}
84%
C O {Corse} île d'amour
84%
N Dans les prisons de {Nantes}
82%
N {Nantes}
82%
S Douliou, douliou {Saint-Tropez}
77%
S Twist à {Saint-Tropez}
77%
A Chanson pour l'{Auvergnat}
75%
N {Nice} baie des anges
75%
L En passant par la {Lorraine}
74%
N Made in {Normandie}
74%
N Ma {Normandie}
74%
L Marche {lorraine}
74%
R Farandole des bords du {Rhône}
67%
M Tout ça c'est {Marseille}
66%
P Les marchés de {Provence}
55%
S Supplique pour être enterré sur la plage de {Sète}
52%
M Un clair de lune à {Maubeuge}
52%
T {Toulouse}
49%
C Les bourgeois de {Calais}
47%
H La dame de {Haute-Savoie}
45%
E Une fille de l'{Est}
42%
V {Vesoul}
33%
B Joyeux enfants de la {Bourgogne}
32%
A Le printemps d'{Alsace}
32%
S Notre bon duc de {Savoie}
32%
P Adieu Venise {provençale}
30%
S A {Strasbourg} sur la place
30%
H Pelot d'{Hennebont}
30%
D {Deauville} sans Trintignant
29%
P Les roses de {Picardie}
29%
P Les roses de {Picardie}
29%
A Mademoiselle from {Armentières}
22%
S A {Saint-Malo} de l'Ille
19%
L Sur la route de {Louviers}
15%
S Le petit {Savoyard}
14%
L Fils de {Lorient}
12%
M Le blues de {Metz}
12%
C Les maçons de la {Creuse}
11%
V Les trente voleurs de {Vendée}
11%
L Les fantassins du {Lyonnais}
10%
A {Annecy}
8%
E Le valet d'{Etretat}
8%
V Le carillon de {Vendôme}
7%
L Le {Loir-et-Cher}
7%
P La {Paimpolaise}
4%
C Bruyères {corréziennes}
3%
A Chanson du pays d'{Artois}
3%
B {Barcelonnette}
1%
B La {Bourguignonne}
1%
C Le chant des {Canuts}
1%
M A {Morteau] dans une ronde
0%
N Chanson du laboureur {nivernais}
0%
P Les niflettes de {Provins}
0%
Aucun quiz correspondant
Distribution des résultats
% des personnes avec chaque résultat
Percentile par nombre de réponses
Votre historique - résultats
Vous n’avez pas pris ce quiz